Nevládní organizace v oblasti lidské bezpečnosti na pozadí (neo)liberálního řádu
Kritické zmapovanie úlohy nevládnych organizácií v oblasti ľudskej bezpečnosti, špeciálne v humanitárnom odzbrojení. Analýza súčasného diskurzu o nevládnych aktéroch v oblasti ľudskej bezpečnosti a nového humanitarizmu a jeho kritické zhodnotenie. Koncept explicitnej bezpečnostnej doktríny, založene...
Salvato in:
| Autore principale: | |
|---|---|
| Natura: | Capitolo di libro |
| Lingua: | ceco |
| Soggetti: | |
| Tags: |
Nessun Tag, puoi essere il primo ad aggiungerne!!
|
MARC
| LEADER | 00000naa$a2200000$$$4500 | ||
|---|---|---|---|
| 001 | 0108584 | ||
| 005 | 20231016100704.5 | ||
| 041 | 0 | |a cze | |
| 044 | |a CZ | ||
| 245 | 1 | 0 | |a Nevládní organizace v oblasti lidské bezpečnosti na pozadí (neo)liberálního řádu |c Nik Hynek |
| 520 | |a Kritické zmapovanie úlohy nevládnych organizácií v oblasti ľudskej bezpečnosti, špeciálne v humanitárnom odzbrojení. Analýza súčasného diskurzu o nevládnych aktéroch v oblasti ľudskej bezpečnosti a nového humanitarizmu a jeho kritické zhodnotenie. Koncept explicitnej bezpečnostnej doktríny, založenej na liberálnych premisiách nového humanitarizmu. Rozbor vzťahu medzi ľudskou bezpečnosťou a samotným humanitárnym odzbrojením. Využitie mäkkej moci ako prostriedku pre dosiahnutie humanitárneho odzbrojenia. Modelová krajina - Kanada. | ||
| 610 | 2 | 0 | |a bezpečnosť |
| 610 | 2 | 0 | |a politika medzinárodná |
| 610 | 2 | 0 | |a liberalizmus |
| 610 | 2 | 0 | |a neoliberalizmus |
| 610 | 2 | 0 | |a organizácie nevládne |
| 610 | 2 | 0 | |a odzbrojenie |
| 100 | 1 | |a Hynek, Nik | |